000 00634nam a22001695i 4500
001 171814
003 ES-MaACL
005 20250930063150.0
008 090602s1968 sp |||| | spa d
100 0 _aSolís, Antonio de,
_d1610-1686
_9107210
245 1 0 _aVarias poesías sagradas y profanas /
_cAntonio de Solís y Rivadeneyra ; edición crítica por Manuela Sánchez Regueira.
260 _aMadrid :
_bConsejo Superior de Investigaciones Científicas,
_c1968.
300 _aVIII, 444 p. ;
_c25 cm.
700 1 _aSánchez Regueira, Manuela.
_9140431
852 _aES-MaACL
_jC-35500
_9R.66714
999 _c171814
_d171814